000 00489nam a2200181 a 4500
005 20260101141518.0
008 260101s2026##################000#0#eng##
020 _a9788189975234
_qpbk.
041 _aeng.
082 0 4 _a641.814
_bANA
100 _aAnand, Karen
245 1 0 _aSimple Cooking With Soups, Starters & Salads
_c/ Karen Anand
250 _a1st ed.
260 _aChennai
_bWestland
_cc2007
300 _axxv, 77 p.
_b: ill.
_c; 7 cm.
650 _aCooking
942 _cENGLISH
999 _c606367
_d606367